| 000 | 00753nam a2200229Ia 4500 | ||
|---|---|---|---|
| 003 | IN-BaIIA | ||
| 008 | 211028s9999 xx s 000 0 eng d | ||
| 020 | _a2-86883-917-7 (Online) | ||
| 022 | _a1633-4760 (Print) | ||
| 022 | _a1638-1963 (Online) | ||
| 040 | _cIIA Library | ||
| 100 |
_aMamon, G. A., ed. _923780 |
||
| 245 | 0 |
_aMass Profiles and Shapes of Cosmological Structures _h[eBook] |
|
| 260 |
_aFrance _bEDP Sciences _c2006 |
||
| 300 | _aiv, 304p. | ||
| 490 | _aEAS Publications Series | ||
| 700 |
_aCombes, F., ed. _917223 |
||
| 700 |
_aDeffayet, C., ed. _938153 |
||
| 700 |
_aFort, B., ed. _917470 |
||
| 856 |
_uhttps://www.eas-journal.org/articles/eas/abs/2006/03/contents/contents.html _yClick Here to Access eBook |
||
| 942 | _cEB | ||
| 999 |
_c20614 _d20614 |
||